Dividing Lines : (Record no. 13973)
[ view plain ]
| 000 -LEADER | |
|---|---|
| fixed length control field | 01502cam a22003254a 4500 |
| 001 - CONTROL NUMBER | |
| control field | 12483088 |
| 005 - DATE AND TIME OF LATEST TRANSACTION | |
| control field | 20030903114307.0 |
| 008 - FIXED-LENGTH DATA ELEMENTS--GENERAL INFORMATION | |
| fixed length control field | 010726s2002 njua | b 001 0 eng d |
| 010 ## - LIBRARY OF CONGRESS CONTROL NUMBER | |
| LC control number | 2001036870 |
| 020 ## - INTERNATIONAL STANDARD BOOK NUMBER | |
| International Standard Book Number | 0691088047 (alk. paper) |
| 020 ## - INTERNATIONAL STANDARD BOOK NUMBER | |
| International Standard Book Number | 0691088055 (pbk. : alk. paper) |
| 040 ## - CATALOGING SOURCE | |
| Original cataloging agency | DLC |
| Transcribing agency | DLC |
| Modifying agency | DLC |
| 042 ## - AUTHENTICATION CODE | |
| Authentication code | pcc |
| 043 ## - GEOGRAPHIC AREA CODE | |
| Geographic area code | n-us--- |
| 050 00 - LIBRARY OF CONGRESS CALL NUMBER | |
| Classification number | JV6483 |
| Item number | .T494 2002 |
| 082 00 - DEWEY DECIMAL CLASSIFICATION NUMBER | |
| Edition number | 21 |
| Classification number | 325.73 |
| Item number | TIC |
| 100 1# - MAIN ENTRY--PERSONAL NAME | |
| Personal name | Tichenor, Daniel J., |
| Dates associated with a name | 1966- |
| 9 (RLIN) | 13904 |
| 245 10 - TITLE STATEMENT | |
| Title | Dividing Lines : |
| Remainder of title | The Politics of Immigration Control in America / |
| Statement of responsibility, etc | Daniel J. Tichenor. |
| 260 ## - PUBLICATION, DISTRIBUTION, ETC. (IMPRINT) | |
| Place of publication, distribution, etc | Princeton, N.J. : |
| Name of publisher, distributor, etc | Princeton University Press, |
| Date of publication, distribution, etc | c2002. |
| 300 ## - PHYSICAL DESCRIPTION | |
| Extent | xii, 378 p. : |
| Other physical details | ill. ; |
| Dimensions | 24 cm. |
| 490 #0 - Series Statement | |
| Series statement | Princeton studies in American politics |
| -- | 13907 |
| 504 ## - BIBLIOGRAPHY, ETC. NOTE | |
| Bibliography, etc | Includes bibliographical references and index. |
| 651 #0 - SUBJECT ADDED ENTRY--GEOGRAPHIC NAME | |
| Geographic name | United States |
| General subdivision | Emigration and immigration |
| -- | Government policy |
| -- | History. |
| 9 (RLIN) | 13905 |
| 856 41 - ELECTRONIC LOCATION AND ACCESS | |
| Materials specified | Sample text |
| Uniform Resource Identifier | <a href="http://www.loc.gov/catdir/samples/prin031/2001036870.html">http://www.loc.gov/catdir/samples/prin031/2001036870.html</a> |
| 856 41 - ELECTRONIC LOCATION AND ACCESS | |
| Materials specified | Table of contents |
| Uniform Resource Identifier | <a href="http://www.loc.gov/catdir/toc/prin031/2001036870.html">http://www.loc.gov/catdir/toc/prin031/2001036870.html</a> |
| 856 42 - ELECTRONIC LOCATION AND ACCESS | |
| Materials specified | Publisher description |
| Uniform Resource Identifier | <a href="http://www.loc.gov/catdir/description/prin021/2001036870.html">http://www.loc.gov/catdir/description/prin021/2001036870.html</a> |
| 942 ## - ADDED ENTRY ELEMENTS (KOHA) | |
| Source of classification or shelving scheme | Dewey Decimal Classification |
| Item type | Book - Borrowing |
| Withdrawn status | Item status | Source of classification or shelving scheme | Damaged status | Not for loan | Vendor | Home library | Current library | Shelving location | Date acquired | Source of acquisition | Cost, normal purchase price | Serial Enumeration / chronology | Total Checkouts | Total Renewals | Full call number | Barcode | Date last seen | Date last borrowed | Koha item type |
|---|---|---|---|---|---|---|---|---|---|---|---|---|---|---|---|---|---|---|---|
| Dewey Decimal Classification | Baccah | Central Library | Central Library | First floor | 15/05/2010 | 131.00 | 10268 | 1 | 29 | 325.73 TIC | 000020710 | 15/07/2025 | 02/11/2014 | Book - Borrowing |